Party wall legislation and procedure (Record no. 112831)
[ view plain ]
| 000 -LEADER | |
|---|---|
| fixed length control field | 01575cad a22002775a 4500 |
| 001 - CONTROL NUMBER | |
| control field | L154079 |
| 008 - FIXED-LENGTH DATA ELEMENTS--GENERAL INFORMATION | |
| fixed length control field | 111012s2011 xxk f 000 0 eng d |
| 020 ## - INTERNATIONAL STANDARD BOOK NUMBER | |
| International Standard Book Number | 9781842197004 |
| 035 ## - SYSTEM CONTROL NUMBER | |
| System control number | (Sirsi) u154079 |
| 041 0# - LANGUAGE CODE | |
| Language code of text/sound track or separate title | eng |
| 050 04 - LIBRARY OF CONGRESS CALL NUMBER | |
| Classification number | 692.2 $2 18 |
| 110 2# - MAIN ENTRY--CORPORATE NAME | |
| Corporate name or jurisdiction name as entry element | Royal Institution of Chartered Surveyors |
| 9 (RLIN) | 4900 |
| 245 00 - TITLE STATEMENT | |
| Title | Party wall legislation and procedure |
| Remainder of title | RICS guidance note |
| Statement of responsibility, etc. | [old edition] |
| 250 ## - EDITION STATEMENT | |
| Edition statement | 6th ed. |
| 490 #0 - SERIES STATEMENT | |
| Series statement | RICS Guidance Note |
| Volume/sequential designation | (GN 27/2011) |
| 520 ## - SUMMARY, ETC. | |
| Summary, etc. | Provides guidance for those working in circumstances where the Party Wall, Etc. Act 1996 applies, including the procedures to be followed. Discusses the Act itself, advising clients on the application of the Act, the service of notices, accepting appointments, powers and duties of appointed surveyors, surveyors' role in preparing primary awards, surveyors' role subsequent to publication of primary award, and challenges to surveyors' decisions. Relevant precedents and a specimen schedule of condition are also presented. Includes further reading. |
| 520 ## - SUMMARY, ETC. | |
| Summary, etc. | Supersedes fifth edition (ISBN 1842190733). |
| 520 ## - SUMMARY, ETC. | |
| Summary, etc. | Superseded by 7th edition (ISBN 9781783213672) |
| 521 ## - TARGET AUDIENCE NOTE | |
| Target audience note | Advanced |
| 590 ## - LOCAL NOTE (RLIN) | |
| Local note | KA |
| 650 24 - SUBJECT ADDED ENTRY--TOPICAL TERM | |
| Topical term or geographic name entry element | PARTY WALL ETC ACT 1996 |
| 651 #4 - SUBJECT ADDED ENTRY--GEOGRAPHIC NAME | |
| Geographic name | England and Wales |
| Chronological subdivision | 1543- |
| 690 ## - LOCAL SUBJECT ADDED ENTRY--TOPICAL TERM (OCLC, RLIN) | |
| Topical term or geographic name as entry element | PROPERTY-PROPERTY MANAGEMENT-EASEMENTS-PARTY WALL SURVEYING-PARTY WALLS |
| 856 40 - ELECTRONIC LOCATION AND ACCESS | |
| Uniform Resource Identifier | <a href="https://web.archive.org/web/20161229125131/http://www.rics.org/Global/Party_wall_legislation_and_procedure_6th_edition_PGguidance_2011.pdf">https://web.archive.org/web/20161229125131/http://www.rics.org/Global/Party_wall_legislation_and_procedure_6th_edition_PGguidance_2011.pdf</a> |
| Public note | Available on the web archive |
| 942 ## - ADDED ENTRY ELEMENTS (KOHA) | |
| Suppress in OPAC | 0 |
| Source of classification or shelving scheme | Dewey Decimal Classification |
| Withdrawn status | Lost status | Source of classification or shelving scheme | Damaged status | Not for loan | Home library | Current library | Shelving location | Date acquired | Total Checkouts | Full call number | Barcode | Date last seen | Copy number | Price effective from | Koha item type |
|---|---|---|---|---|---|---|---|---|---|---|---|---|---|---|---|
| Dewey Decimal Classification | Archives | Archives | RICS Boxes | 12/10/2011 | RICS 2011/47 | 30079531 | 06/08/2019 | 1 | 06/08/2019 | Archive | |||||
| Dewey Decimal Classification | London | London | RICS Boxes | 12/10/2011 | RICS 2011/47 | 30079530 | 06/08/2019 | 2 | 06/08/2019 | Book | |||||
| Dewey Decimal Classification | London | London | RICS Boxes | 12/10/2011 | RICS 2011/47 | 30079527 | 06/08/2019 | 3 | 06/08/2019 | Book | |||||
| Dewey Decimal Classification | Virtual | Virtual | Online | 17/10/2011 | ONLINE PUBLICATION | 154079-5001 | 06/08/2019 | 1 | 06/08/2019 | Book |